| 000 | 00978pam a2200289 a 4500 | ||
|---|---|---|---|
| 001 | 006955956 | ||
| 003 | Uk | ||
| 005 | 20161221173335.0 | ||
| 008 | 021212s2007 enka || 001 ||eng | ||
| 020 | _a0470848790 | ||
| 020 | _a9780470848791 | ||
| 082 | 0 | 4 |
_a621.3824 _221 _bSAU |
| 100 | 1 |
_aSaunders, Simon R. _933695 |
|
| 245 | 1 | 0 |
_aAntennas and propagation for wireless communications systems / _cSimon R. Saunders. |
| 246 | 3 | _aAntennas & propagation for wireless communication systems | |
| 250 | _a2nd ed. | ||
| 260 |
_aChichester : _bJohn Wiley, _cc2007. |
||
| 300 |
_a524 p. : _bill. ; _c25 cm. |
||
| 500 | _aPrevious ed.: published as Antennas & propagation for wireless communication systems. 1999. | ||
| 500 | _aIncludes index. | ||
| 650 | 0 |
_aAntennas (Electronics) _933696 _2BUEsh |
|
| 650 | 0 |
_aWireless communication systems. _933697 _2BUEsh |
|
| 651 | _2BUEsh | ||
| 653 | _cSeptember2013 | ||
| 650 | 0 |
_98953 _aRadio wave propagation _2BUEsh |
|
| 942 |
_2ddc _cBB |
||
| 999 |
_c17539 _d17511 |
||